| 000 | 00616nam a22001931a 4500 | ||
|---|---|---|---|
| 003 | NEGST | ||
| 005 | 20110718132354.0 | ||
| 008 | 030714s1990 nyu 001 0 eng d | ||
| 020 | _a0 8120 4433 | ||
| 100 | 1 | _aStrutz, Heary. | |
| 245 | 1 | 0 |
_a501 German verbs fully conjugated in all the tenses. : _balphabeticaly arranged. / _cHeary. Strutz. _h[Text] |
| 250 | _a2nd ed. | ||
| 260 |
_aHauppauge, N.Y. _bBarron's Educational series inc. _c1990 |
||
| 300 | _aXXXIV, 526p. | ||
| 490 | 0 | _aBarron's Educational Series | |
| 590 | _aAccession number: 26560 | ||
| 650 | 0 |
_aGerman language _xVerb _xTables. |
|
| 999 |
_c37005 _d37005 |
||